Memoria USB de 512 Mb
Descripción Física:
1 USB en un díptic de cartró de 10 x 21 cm
Materias:
Objectes publicitaris
MARC
| LEADER | 00000nrm a2200000Ia 4500 | ||
|---|---|---|---|
| 001 | 24438 | ||
| 008 | 160829s9999 xx 000 0 cat d | ||
| 080 | |a NBM-10-9 | ||
| 245 | |a Memoria USB de 512 Mb |h [Objecte] | ||
| 260 | |a [Barcelona] : |b Diputació de Barcelona, [1998] | ||
| 300 | |a 1 USB en un díptic de cartró de 10 x 21 cm | ||
| 500 | |a Títol facilitat pel catalogador | ||
| 650 | 0 | |9 54098 |a Objectes publicitaris | |
| 710 | 1 | |a Barcelona (Catalunya : Província). |b Diputació |9 52408 | |
| 901 | |a Arxiu | ||
| 942 | |n 1 |2 udc | ||
| 952 | |0 0 |1 0 |4 0 |6 NBM109 |7 1 |9 55196 |a Arxiu |b Arxiu |d 2016-12-01 |l 0 |o NBM-10-9 |p 24438 |r 2016-12-01 00:00:00 |w 2016-12-01 |y ARXIU | ||
| 999 | |c 59068 |d 59068 | ||